Script analysis for actors, directors, and disigners

Saved in:
Bibliographic Details
Main Author: Thomas, James Michael
Format: Book
Language:English
Published: Amsterdam : Elsevier, 2009
Edition:4η έκδ.
Subjects:
Tags: Add Tag
No Tags, Be the first to tag this record!

MARC

LEADER 00000nam a2200000 i 4500
001 1/41488
008 140204s2009 eng d
020 |a 978-0-240-81049-2 
035 |l 10116576 
040 |a GR-MY-UA  |b gre  |e aacr 
041 0 |a eng 
082 0 |a 808.2  |2 (22) 
100 1 |a Thomas, James Michael. 
245 1 0 |a Script analysis for actors, directors, and disigners /  |c James Thomas 
250 |a 4η έκδ. 
260 |a Amsterdam :   |b Elsevier,   |c 2009 
300 |a 345 σ.;  |c 24 εκ. 
504 |a ΠΕριλαμβάνει βιβλιογραφία και ευρετήριο 
650 0 0 |a Drama  |x Explication. 
852 |a INST  |b LESVOS  |e 20140204  |h 808.2 THO  |p 005100053655  |q 005100053655  |t BK  |y 0 
901 |a BIBL1-2014-1 
909 |a Λ  |b 181605 
922 |a 1ΕΛΗ  |b 201306  |c ΤΜΗΜΑ ΠΟΛΙΤΙΣΜΙΚΗΣ ΤΕΧΝΟΛΟΓΙΑΣ ΚΑΙ ΕΠΙΚΟΙΝΩΝΙΑΣ  |d ΙΩΑΝΝΙΔΟΥ 
970 |a ΤΖΑΦΕΡΗ  |b ΕΥΑΓΓΕΛΙΑ  |z 2014/02/04